000
00275nam a22001217a 4500
008
180313b xxu||||| |||| 00| 0 eng d
041
_a
eng
080
_2
10th
_a
579
100
_a
11
101
_a
MBI
245
_a
Microbiology an introduction
_c
Tortora,G.J
942
_2
udc
_c
BK
999
_c
44826
_d
44826